00814nam a2200229 i 450000500170000000800410001702000490005804000250010708200200013210000430015224500750019526400730027026400110034330000420035433600210039633700250041733800230044250000200046550400330048565000270051865100390054520230718154256.0230718t20102010my a g 000 0 may d a9789676123794cRM10.00 (Hadiah) qpaperback  aPPAKbengcPPAKerda04223a324.22095950 aAhmad Atory Hussain, d1951-eauthor. 10aYB oh YB! :bANTARA PERANAN DAN TANGGUNGJAWAB / cAHMAD ATORY HUSSAIN  1aKuala Lumpur : bUtusan Publications & Distributors Sdn Bhd., c2010 4c©2010 a349 pages ; billustrations ; c22 cm atext2rdacontent aunmediated2rdamedia avolume2rdacarrier aIncludes index  aBibliography : pages 310-31610aPoliticians zMalaysia 0aMalaysia xPolitics and government